[Event "FRA-chT3 Gr01 0607"]
[Site "France"]
[Date "2007.02.11"]
[Round "6.8"]
[White "Flaquet, Sebastien"]
[Black "Poirier, Annabelle"]
[Result "0-1"]
[WhiteElo "1299"]
[BlackElo "1570"]
[PlyCount "64"]
[EventDate "2006.10.15"]
[EventType "team"]
[EventRounds "9"]
[EventCountry "FRA"]
[SourceTitle "EXT 2008"]
[Source "ChessBase"]
[SourceDate "2007.11.25"]
[SourceVersion "1"]
[SourceVersionDate "2007.11.25"]
[SourceQuality "1"]

1. e4 e5 2. Nf3 Nc6 3. Bb5 Nf6 4. Bxc6 bxc6 5. Nxe5 Qe7 6. d4 Nxe4 7. Qe2 Nf6 8. Nc3 Qe6 9. 0-0 Bb4 10. Bf4 Bxc3 11. bxc3 d6 12. Rfe1 dxe5 13. Bxe5 0-0 14. Qf3 Re8 15. h3 Ba6 16. Bxc7 Qc4 17. Be5 Nd5 18. Qg4 g6 19. Qh4 Qxc3 20. g4 f6 21. Qg3 Qa5 22. g5 fxe5 23. dxe5 Nc3 24. Qf3 Rac8 25. e6 Qxg5+ 26. Kh2 Nd5 27. Rg1 Qe5+ 28. Rg3 Qxa1 29. Qf5 Rf8 30. Rg1 Qxg1+ 31. Kxg1 Rxf5 32. Kg2 Rcf8 0-1